000 00416nam a2200133Ia 4500
008 260604s9999 xx 000 0 und d
020 _a9781032451091
082 _a330 SCH
100 _aSCHINCARIOL [VITOR EDUARD]
_935468
245 0 _aENVIRONMENT AND ECOLOGY IN THE HISTORY OF ECONOMIC THOUGHT 1ST ED: REASSESSING THE LEGACY OF THE CLASSICS
260 _bROUTLEDGE
500 _aEconomy, Environmental
942 _cBK
999 _c8288
_d8288